000
00222 a2200097 4500
001
10842
100
_a
Randall, J.
245
_a
Nature and Historical Experience
260
_a
_b
Clumbia University
_c
090
_c
8419
_d
8419
942
_a
NUST-CAE
_c
M
_c
35177
999
_c
245915
_d
245915